| 000 | 00497cam a22001337a 4500 | ||
|---|---|---|---|
| 008 | 180718b2009 xxu||||| |||| 00| 0 eng d | ||
| 082 | _aAPPPA 2008-09/GAL | ||
| 100 | _aGalgotia, j. | ||
| 245 |
_aDisaster management with reference to preparedness of government hospitals in Delhi: a case study _cby J. Galgotia |
||
| 260 |
_aNew Delhi _bIndian Institute of Public Administration _c2009 |
||
| 300 | _a193p. | ||
| 650 | _aDisaster Preparedness - - India - Delhi | ||
| 650 | _aDisasters - India - Delhi | ||
| 999 |
_c495189 _d495189 |
||